000 00596cam a2200205 i 4500
005 20260205102200.0
008 250721s9999 xxu gr 000 0 eng d
020 _a1590080017
020 _a15900080009
082 1 4 _a218.61
_bf i n
100 1 _afindley, paul
_eauthor.
245 1 0 _asilent no more :
_bconfronting americas false images of islam /
_cpaul findley.
250 _aFirst Edition.
264 3 1 _bamana publications,
_aUnited States :
_c2001.
300 _a323 pages.
650 1 7 _aISLAM.
650 1 7 _aPUBLIC OPENION.
942 _2ddc
_cBK
999 _c98316
_d98316